Movies Quiz

Random Movies or Cast Quiz

Bryan Cranston Movies Quiz Stats

 Plays Quiz not verified by Sporcle

Score 0/46 Timer 10:00
0 Plays Today
Year Movie % Correct
2014Godzilla
74.7%
1998Saving Private Ryan
54.2%
2012Argo
51.8%
2015Trumbo
47%
2017The Upside
41.7%
2017Last Flag Flying
41.7%
2018*Isle of Dogs
41.7%
2016Why Him?
39.5%
2006Little Miss Sunshine
36.1%
2011Drive
36.1%
2012Total Recall
24.1%
2017Power Rangers
23.7%
1996That Thing You Do!
22.9%
2012*Madagascar 3: Europe's Most Wanted
22.9%
2016*Kung Fu Panda 3
21.7%
2011Larry Crowne
20.5%
2016The Infiltrator
19%
2011Contagion
16.9%
2012Rock of Ages
16.9%
2011The Lincoln Lawyer
14.5%
2012John Carter
14.5%
2012Red Tails
12%
2016Wakefield
10.3%
Year Movie % Correct
2016In Dubious Battle
8.6%
1999Last Chance
8.4%
2013Cold Comes the Night
8.4%
2016Get a Job
7.2%
1987Amazon Women on the Moon
6%
2004Seeing Other People
6%
2011Detachment
6%
2006Intellectual Property
4.8%
2010Love Ranch
4.8%
1988The Big Turnaround
3.6%
1990Corporate Affairs
3.6%
1991Dead Space
3.6%
1994Erotique
3.6%
1994Clean Slate
3.6%
1997Time Under Fire
3.6%
1996Street Corner Justice
3.6%
1997Strategic Command
3.6%
2000The Big Thing
3.6%
2000The Prince of Light
3.6%
2000Terror Tract
3.6%
2004Illusion
3.6%
2007Hard Four
3.6%
2011Leave
3.6%

You're not logged in!

Compare scores with friends on all Sporcle quizzes.
OR
Log In

Show Comments

Extras

Top Quizzes Today


Score Distribution

Your Account Isn't Verified!

In order to create a playlist on Sporcle, you need to verify the email address you used during registration. Go to your Sporcle Settings to finish the process.

Report this User

Report this user for behavior that violates our Community Guidelines.

Details: